Geography of Croatia - Statistics

General Stats
  • This quiz has been taken 635 times
  • The average score is 19 of 25
Answer Stats
Hint Answer % Correct
Capital city Zagreb
99%
Croatian word for Croatia Hrvatska
97%
Croatian sea Adriatic sea
96%
Largest city on that sea Split
96%
Year of independence 1991
94%
Number of land neighbours 5
91%
Longest European river that flows through country Danube
88%
Popular tourist city that was once a republic Dubrovnik
88%
Largest city in Slavonia region Osijek
88%
Currency Croatian kuna
86%
Official name Republic of Croatia
85%
Longest river Sava
83%
Croatian is part of this language branch Slavic
82%
Largest port Rijeka
78%
Number of counties 21
77%
Highest mountain Dinara
77%
UNESCO World Heritage Site National Park Plitvice lakes
75%
Two biggest islands Cres and Krk
71%
Biggest mountain Velebit
70%
Largest religion Roman Catholicism
65%
Region with most tourists Istria
61%
Biggest lake Lake Vrana
51%
Croatians succeeded this group of Indo-European tribes Illyrians
24%
Landscape type in Dinaric Alps Karst
24%
Endemic amphibian (Proteus anguinus) Olm
20%
No matching quizzes found
Score Distribution
Percent of People with Each Score
Percentile by Number Answered
Your Score History
You have not taken this quiz